[Event "DEN-ch Seniors"]
[Site "Aalborg"]
[Date "2023.02.19"]
[Round "4"]
[White "Jorgensen, Orla Eilegaard"]
[Black "Christensen, Verner"]
[Result "0-1"]
[WhiteElo "1482"]
[BlackElo "1824"]
[PlyCount "36"]
[EventDate "2023.02.19"]
[EventType "swiss"]
[EventRounds "7"]
[EventCountry "DEN"]
[SourceTitle "CBM 213 Extra"]
[Source "ChessBase"]
[SourceDate "2023.05.31"]
[SourceVersion "1"]
[SourceVersionDate "2023.05.31"]
[SourceQuality "1"]

1. e4 e5 2. f4 d5 3. exd5 e4 4. d4 Nf6 5. Nc3 Bb4 6. Bd2 Bxc3 7. bxc3 0-0 8. c4 Re8 9. Be3 c6 10. d6 Qxd6 11. c5 Qd8 12. h3 Nd5 13. Qd2 Qh4+ 14. Kd1 Qg3 15. Ke2 b5 16. cxb6 Ba6+ 17. Kd1 Nxe3+ 18. Kc1 Nxf1 0-1

[Event "Helsingor Xtracon op"]
[Site "Helsingor"]
[Date "2018.07.28"]
[Round "9"]
[White "Christensen, Verner"]
[Black "Kreken, Eivind Grunt"]
[Result "1-0"]
[WhiteElo "1886"]
[BlackElo "1626"]
[PlyCount "45"]
[EventDate "2018.07.21"]
[EventType "swiss"]
[EventRounds "10"]
[EventCountry "DEN"]
[SourceTitle "CBM 185 Extra"]
[Source "ChessBase"]
[SourceDate "2018.07.29"]
[SourceVersion "1"]
[SourceVersionDate "2018.07.29"]
[SourceQuality "1"]

1. e4 e6 2. d4 d5 3. Nc3 dxe4 4. Nxe4 Bd7 5. Bd3 Bc6 6. Qe2 Qxd4 7. Nf3 Qd8 8. 0-0 Nd7 9. Re1 Bxe4 10. Bxe4 c6 11. Bf4 Ngf6 12. Bf5 Be7 13. Bh3 h6 14. Rad1 g5 15. Be5 0-0 16. Bxf6 Bxf6 17. Nd4 Bxd4 18. Rxd4 c5 19. Rd3 Qe7 20. f4 Kg7 21. f5 e5 22. Rxd7 Qxd7 23. f6+ 1-0

[Event "Helsingor Xtracon op"]
[Site "Helsingor"]
[Date "2018.07.21"]
[Round "1"]
[White "Raghunandan, Kaumandur Srihari"]
[Black "Christensen, Verner"]
[Result "1-0"]
[WhiteElo "2417"]
[BlackElo "1886"]
[PlyCount "75"]
[EventDate "2018.07.21"]
[EventType "swiss"]
[EventRounds "10"]
[EventCountry "DEN"]
[SourceTitle "CBM 185 Extra"]
[Source "ChessBase"]
[SourceDate "2018.07.29"]
[SourceVersion "1"]
[SourceVersionDate "2018.07.29"]
[SourceQuality "1"]

1. d4 f5 2. Bg5 Nf6 3. Bxf6 exf6 4. e3 d5 5. c4 Bb4+ 6. Nc3 Bxc3+ 7. bxc3 0-0 8. Qb3 dxc4 9. Bxc4+ Kh8 10. Ne2 Nc6 11. Qc2 Qd6 12. 0-0 Bd7 13. Rab1 b6 14. Bd3 g6 15. Ng3 Rae8 16. Rfe1 Rf7 17. f3 Qf8 18. e4 Rfe7 19. Qd2 fxe4 20. fxe4 Qg7 21. Rf1 Rf8 22. Rf2 Nd8 23. Rbf1 c6 24. Qf4 Nb7 25. Ba6 Be8 26. e5 f5 27. Bxb7 Rxb7 28. Ne4 Re7 29. Nd6 Bf7 30. h4 Be6 31. g4 Rd7 32. Kh2 Qe7 33. gxf5 Bxf5 34. h5 Rdd8 35. hxg6 Bxg6 36. Qxf8+ Rxf8 37. Rxf8+ Kg7 38. R8f7+ 1-0

[Event "Koge 3+ EMT"]
[Site "Koge"]
[Date "2013.05.07"]
[Round "7"]
[White "Christensen, Verner"]
[Black "Stuhr, Finn"]
[Result "1-0"]
[WhiteElo "1850"]
[BlackElo "1663"]
[PlyCount "99"]
[EventDate "2013.02.12"]
[EventType "tourn"]
[EventRounds "7"]
[EventCountry "DEN"]
[SourceTitle "EXT 2023"]
[Source "ChessBase"]
[SourceDate "2022.10.05"]
[SourceVersion "1"]
[SourceVersionDate "2022.10.05"]
[SourceQuality "1"]

1. e4 e5 2. f4 d5 3. exd5 Qxd5 4. Nc3 Qd4 5. fxe5 Qxe5+ 6. Qe2 Bd6 7. Nf3 Qxe2+ 8. Bxe2 a6 9. 0-0 Nc6 10. Bc4 h6 11. Ne4 Be7 12. d4 f5 13. Ng3 Nf6 14. Bf4 Bd6 15. Rae1+ Ne7 16. Ne5 g5 17. Bd2 f4 18. Ng6 Rh7 19. Ne5 Ng4 20. Nh5 Bf5 21. h3 Nxe5 22. Nf6+ Kd8 23. dxe5 Bc5+ 24. Kh1 Rh8 25. Rd1 Bxc2 26. Bb4+ Bxd1 27. Rxd1+ Bd6 28. exd6 Nc6 29. dxc7+ Kxc7 30. Bd6+ Kb6 31. Nd7+ Ka7 32. Bc5+ b6 33. Nxb6 Rad8 34. Nc8+ Kb8 35. Nd6 Rh7 36. Bxa6 Ne5 37. Rd4 Rc7 38. Rb4+ Ka8 39. Bb7+ Rxb7 40. Nxb7 Rd1+ 41. Kh2 Rd2 42. Rb3 Nd3 43. Bg1 Ne1 44. Nc5 Rxg2+ 45. Kh1 h5 46. Nd7 Rxg1+ 47. Kxg1 g4 48. hxg4 hxg4 49. Ne5 g3 50. Rc3 1-0

[Event "Koge 3+ EMT"]
[Site "Koge"]
[Date "2013.02.12"]
[Round "1"]
[White "Christensen, Verner"]
[Black "Pedersen, Hans Dahl"]
[Result "0-1"]
[WhiteElo "1850"]
[BlackElo "2150"]
[PlyCount "56"]
[EventDate "2013.02.12"]
[EventType "tourn"]
[EventRounds "7"]
[EventCountry "DEN"]
[SourceTitle "EXT 2023"]
[Source "ChessBase"]
[SourceDate "2022.10.05"]
[SourceVersion "1"]
[SourceVersionDate "2022.10.05"]
[SourceQuality "1"]

1. e4 c5 2. d4 cxd4 3. c3 Nf6 4. e5 Nd5 5. Bc4 Nb6 6. Bb3 e6 7. Nf3 Nc6 8. cxd4 d6 9. 0-0 Be7 10. Nc3 0-0 11. Qe2 dxe5 12. dxe5 Nd4 13. Nxd4 Qxd4 14. Rd1 Qh4 15. Ne4 Rd8 16. Rxd8+ Bxd8 17. g3 Qh3 18. Bg5 Bd7 19. Bxd8 Rxd8 20. Rd1 Rf8 21. Ng5 Qh6 22. f4 Bc6 23. Bc2 g6 24. Bb3 Nd5 25. Ne4 Kh8 26. Qf2 Nxf4 27. Qe1 Nh3+ 28. Kf1 Qh5 0-1

[Event "Bornholms Sommer B1"]
[Site "Ronne"]
[Date "2011.07.09"]
[Round "2"]
[White "Adolfssen, Rico"]
[Black "Christensen, Verner"]
[Result "0-1"]
[WhiteElo "1744"]
[BlackElo "1674"]
[PlyCount "62"]
[EventDate "2011.07.08"]
[EventType "tourn"]
[EventRounds "5"]
[EventCountry "DEN"]
[SourceTitle "EXT 2023"]
[Source "ChessBase"]
[SourceDate "2022.10.05"]
[SourceVersion "1"]
[SourceVersionDate "2022.10.05"]
[SourceQuality "1"]

1. e4 e5 2. Nf3 Nc6 3. d4 exd4 4. c3 d3 5. Bxd3 d6 6. 0-0 Be7 7. Qb3 Nf6 8. e5 Ng4 9. exd6 Qxd6 10. Bc4 0-0 11. h3 Nge5 12. Nbd2 Na5 13. Qb5 Naxc4 14. Nxe5 Nxe5 15. Ne4 Qe6 16. Re1 Ng6 17. Bd2 Qf5 18. Qe2 Be6 19. c4 Nh4 20. Ng3 Qg6 21. Bf4 c6 22. Rad1 Bb4 23. Rf1 Rfe8 24. Qh5 Qxh5 25. Nxh5 Bxc4 26. Rd4 Bxf1 27. Rxb4 Bb5 28. Bh6 gxh6 29. Nf6+ Kg7 30. Nxe8+ Rxe8 31. Rxh4 Re1+ 0-1

[Event "Borup op 5th"]
[Site "Borup"]
[Date "2010.09.12"]
[Round "9"]
[White "Christensen, Henrik"]
[Black "Christensen, Verner"]
[Result "1-0"]
[WhiteElo "2014"]
[BlackElo "1968"]
[PlyCount "89"]
[EventDate "2010.09.03"]
[EventType "swiss"]
[EventRounds "9"]
[EventCountry "DEN"]
[SourceTitle "CBM 138 Extra"]
[Source "ChessBase"]
[SourceDate "2010.10.29"]
[SourceVersion "1"]
[SourceVersionDate "2010.10.29"]
[SourceQuality "1"]

1. d4 f5 2. Nf3 e6 3. g3 d5 4. Bg2 Bd6 5. c4 c6 6. Nc3 Nf6 7. Bg5 0-0 8. 0-0 Nbd7 9. Qc2 Qe8 10. e3 Ne4 11. Bf4 Bxf4 12. exf4 h6 13. b4 Nb6 14. Ne5 Nd7 15. Nxd7 Qxd7 16. Rfe1 b6 17. Rac1 Bb7 18. a4 Rac8 19. c5 bxc5 20. bxc5 Ba6 21. Rb1 Rb8 22. Rb2 Qc7 23. Reb1 Rxb2 24. Qxb2 Nxc3 25. Qxc3 Rb8 26. Rb4 Rxb4 27. Qxb4 Qb7 28. Qxb7 Bxb7 29. a5 Ba6 30. Bf3 g6 31. Bd1 Kg7 32. Ba4 Bb7 33. a6 Ba8 34. Kg2 Kf6 35. Bd1 Kg7 36. Kh3 Kf6 37. Kh4 g5+ 38. fxg5+ hxg5+ 39. Kh5 f4 40. Kg4 fxg3 41. fxg3 e5 42. dxe5+ Kxe5 43. Kxg5 d4 44. h4 Kd5 45. h5 1-0

[Event "Politiken Cup 32nd"]
[Site "Copenhagen"]
[Date "2010.07.31"]
[Round "1"]
[White "Christensen, Verner"]
[Black "Ganguly, Surya Shekhar"]
[Result "0-1"]
[WhiteElo "1968"]
[BlackElo "2655"]
[PlyCount "60"]
[EventDate "2010.07.31"]
[EventType "swiss"]
[EventRounds "10"]
[EventCountry "DEN"]
[SourceTitle "CBM 137 Extra"]
[Source "ChessBase"]
[SourceDate "2010.09.01"]
[SourceVersion "1"]
[SourceVersionDate "2010.09.01"]
[SourceQuality "1"]

1. e4 c5 2. d4 cxd4 3. c3 Nf6 4. e5 Nd5 5. cxd4 d6 6. Bc4 Nb6 7. Bb3 Nc6 8. Nf3 dxe5 9. Nxe5 Nxe5 10. dxe5 Qxd1+ 11. Bxd1 Bd7 12. 0-0 Bc6 13. Bb3 e6 14. Nc3 Bc5 15. Kh1 Bd4 16. f4 0-0-0 17. a4 Bxc3 18. bxc3 Rd3 19. a5 Nd7 20. Ba4 Bxa4 21. Rxa4 Rxc3 22. Bb2 Rc2 23. Bd4 Nc5 24. Rb4 Rd8 25. Rfb1 Rd5 26. h3 Nd3 27. Rxb7 Rxd4 28. Rb8+ Kd7 29. R1b7+ Rc7 30. a6 Nc5 0-1

[Event "Taastrup Spil Naar Du Vil V"]
[Site "Taastrup"]
[Date "2010.04.08"]
[Round "2"]
[White "Yde, Jesper"]
[Black "Christensen, Verner"]
[Result "0-1"]
[WhiteElo "1545"]
[BlackElo "1885"]
[PlyCount "72"]
[EventDate "2010.03.25"]
[EventType "swiss"]
[EventRounds "7"]
[EventCountry "DEN"]
[SourceTitle "EXT 2023"]
[Source "ChessBase"]
[SourceDate "2022.10.05"]
[SourceVersion "1"]
[SourceVersionDate "2022.10.05"]
[SourceQuality "1"]

1. f4 e5 2. d3 Nc6 3. Nf3 d6 4. e4 Be7 5. Be2 Bg4 6. c3 Qc8 7. Be3 Nf6 8. Nbd2 0-0 9. h3 exf4 10. Bxf4 Bd7 11. Ng1 Ne5 12. Bxe5 dxe5 13. d4 exd4 14. cxd4 Bc6 15. Qc2 Rd8 16. Ngf3 a5 17. Bc4 Nh5 18. g4 Nf4 19. 0-0-0 Be8 20. Rdf1 b5 21. Bd3 c5 22. e5 Nxd3+ 23. Qxd3 cxd4+ 24. Kb1 a4 25. Ne4 Qc4 26. Qd1 Rac8 27. Rh2 d3 28. Nd6 Bxd6 29. exd6 Rxd6 30. Ne5 Qe4 31. Ka1 Qxe5 32. Rd2 a3 33. Qb3 axb2+ 34. Qxb2 Qxb2+ 35. Kxb2 f6 36. Rf3 Bg6 0-1

[Event "Koge Bugt"]
[Site "Koge"]
[Date "2003.08.20"]
[Round "2"]
[White "Jorgensen, Dennis"]
[Black "Christensen, Verner"]
[Result "1-0"]
[WhiteElo "1600"]
[BlackElo "1803"]
[PlyCount "61"]
[EventDate "2003.08.13"]
[EventType "tourn"]
[EventRounds "7"]
[EventCountry "DEN"]
[SourceTitle "EXT 2023"]
[Source "ChessBase"]
[SourceDate "2022.10.05"]
[SourceVersion "1"]
[SourceVersionDate "2022.10.05"]
[SourceQuality "1"]

1. e4 e5 2. Nf3 Nc6 3. Bb5 f5 4. d3 d6 5. 0-0 Nf6 6. Nc3 Be7 7. Nd5 0-0 8. Bc4 Kh8 9. Ng5 Nxd5 10. Nxh7 Qe8 11. Nxf8 Nb6 12. Ne6 Nxc4 13. Nxc7 Qd8 14. Nxa8 N4a5 15. c3 b6 16. f4 Be6 17. b4 Nb7 18. exf5 Bxf5 19. Qf3 Bd7 20. fxe5 dxe5 21. Qd5 Bd6 22. Qf7 Be7 23. Qh5+ Kg8 24. b5 Nca5 25. Qg6 Bf6 26. Nc7 Qxc7 27. Rxf6 Qxc3 28. Rb1 Bxb5 29. Bh6 Qd4+ 30. Kh1 Qd7 31. Rbf1 1-0

[Event "Frederikssund DSU 100 years B"]
[Site "Frederikssund"]
[Date "2003.02.09"]
[Round "4"]
[White "Tandrup, Michael"]
[Black "Christensen, Verner"]
[Result "1-0"]
[WhiteElo "1758"]
[BlackElo "1767"]
[PlyCount "93"]
[EventDate "2003.02.07"]
[EventType "tourn"]
[EventRounds "5"]
[EventCountry "DEN"]
[SourceTitle "EXT 2023"]
[Source "ChessBase"]
[SourceDate "2022.10.05"]
[SourceVersion "1"]
[SourceVersionDate "2022.10.05"]
[SourceQuality "1"]

1. d4 Nf6 2. Nf3 d5 3. c4 e6 4. Nc3 c6 5. e3 Be7 6. Bd3 Nbd7 7. 0-0 0-0 8. a3 a5 9. Qc2 Nb6 10. Ne5 Qc7 11. c5 Nbd7 12. f4 b6 13. cxb6 Qb7 14. Na4 Nxb6 15. Nxb6 Qxb6 16. Qxc6 Qxc6 17. Nxc6 Bd6 18. Bd2 a4 19. Bb4 Bxb4 20. Nxb4 Bb7 21. h3 Rfc8 22. Rac1 Kf8 23. g4 Ke7 24. g5 Ne4 25. Bxe4 dxe4 26. Rc3 Rxc3 27. bxc3 Rc8 28. Rc1 Bd5 29. Kf2 Bb3 30. Ke2 Kd6 31. Kd2 Bc4 32. Rb1 Rb8 33. Rb2 Rb7 34. Kc1 Rb6 35. Nd3 Rxb2 36. Nxb2 Bb3 37. c4 Ke7 38. Kd2 f6 39. h4 Kf7 40. Ke2 h6 41. gxh6 gxh6 42. c5 Ke7 43. Kd2 e5 44. fxe5 f5 45. Nd1 Kd7 46. Nc3 Kc6 47. Ke2 1-0

[Event "Koge Bugt EMT A"]
[Site "Solrod"]
[Date "2001.09.26"]
[Round "7"]
[White "Christensen, Verner"]
[Black "Hansen, Henning"]
[Result "1-0"]
[WhiteElo "1794"]
[BlackElo "1660"]
[PlyCount "61"]
[EventDate "2001.08.15"]
[EventType "tourn"]
[EventRounds "7"]
[EventCountry "DEN"]
[SourceTitle "EXT 2023"]
[Source "ChessBase"]
[SourceDate "2022.10.05"]
[SourceVersion "1"]
[SourceVersionDate "2022.10.05"]
[SourceQuality "1"]

1. e4 c5 2. d4 cxd4 3. c3 Nf6 4. e5 Nd5 5. Bc4 e6 6. Nf3 Nc6 7. 0-0 Qc7 8. cxd4 Be7 9. Bxd5 exd5 10. Nc3 Qa5 11. Qb3 Nb4 12. Bd2 Qd8 13. a3 Na6 14. Nxd5 b6 15. Nxe7 Qxe7 16. Bg5 Qe6 17. d5 Qf5 18. d6 0-0 19. Be7 Nc5 20. Qe3 Re8 21. Nh4 Qh5 22. Qf4 Ba6 23. Rfd1 Nd3 24. Qg3 Nxe5 25. Rd5 Rxe7 26. dxe7 f6 27. Re1 Bb7 28. Rd6 Qe8 29. Nf5 Qf7 30. Rxd7 Nxd7 31. Nh6+ 1-0